000 00920nam a22001937a 4500
003 BR-ViAPE
005 20260602115100.0
008 260602m1898 por gslllls000 0 por d
040 _cBR-ViAPE
110 _aEspírito Santo
_bEstado
245 _aDecretos nºs. 41 e 42 de 25 e 26 de janeiro de 1898 do governo municipal do Porto do Cachoeiro de Santa Leopoldina
260 _aVitória
_bPapelaria e Typographia de A. Moreira Dantas
_c1898
300 _a25 p.
_bDocumento digitalizado (PDF)
500 _aDocumento digitalizado do acervo institucional do Arquivo Público do Estado do Espírito Santo - APEES.
650 _aLegislação
_xDecretos
_zSanta Leopoldina (ES)
651 _aEspírito Santo (Brasil)
856 _uhttps://ape.es.gov.br/Media/ape/PDF/Livros/Livros_Historicos/Obras_raras/seculo_XIX/APEES_OR_dec_41_42_sta_leopoldina_1898.pdf
_yCLIQUE AQUI PARA ACESSAR O DOCUMENTO
942 _2ddc
_cOBRAS_RARA
_n1
999 _c750
_d750